[Event "CZE Extraliga 2019-20"]
[Site "Czech Republic"]
[Date "2019.10.12"]
[Round "1.8"]
[White "Mudrak, Josef"]
[Black "Liska, Jiri"]
[Result "1/2-1/2"]
[WhiteElo "2221"]
[BlackElo "2302"]
[Annotator "NA"]
[PlyCount "127"]
[EventDate "2019.09.15"]
[EventType "team-tourn"]
[EventCountry "CZE"]
[SourceTitle "playchess.com"]
[Source "ChessBase"]
[SourceQuality "1"]
[WhiteTeam "Kromeriz"]
[BlackTeam "Turnov"]
[TimeControl "40/5400+30:1800+30"]

1. d4 {[%emt 0:00:00]} Nf6 {[%emt 0:00:00]} 2. Nf3 {[%emt 0:00:00]} g6 {[%emt 0:00:18]} 3. c4 {[%emt 0:00:53]} Bg7 {[%emt 0:00:44]} 4. g3 {[%emt 0:02:05]} O-O {[%emt 0:01:46]} 5. Bg2 {[%emt 0:00:42]} c6 {[%emt 0:05:20]} 6. O-O {[%emt 0:02:54]} d5 {[%emt 0:00:40]} 7. cxd5 {[%emt 0:04:27]} cxd5 {[%emt 0:00:33]} 8. Nc3 {[%emt 0:00:43]} Nc6 {[%emt 0:00:41]} 9. Ne5 {[%emt 0:01:54]} Ng4 {[%emt 0:13:22]} 10. Nxc6 {[%emt 0:07:58]} bxc6 {[%emt 0:00:09]} 11. Na4 {[%emt 0:00:57]} Nf6 {[%emt 0:11:18]} 12. Bf4 {[%emt 0:05:01]} Ne4 {[%emt 0:06:06]} 13. Rc1 {[%emt 0:03:04]} Qa5 {[%emt 0:05:45]} 14. b3 {[%emt 0:06:05]} Qa6 {[%emt 0:07:24]} 15. Re1 {[%emt 0:19:48]} Rd8 {[%emt 0:05:51]} 16. Bc7 {[%emt 0:03:42]} Re8 {[%emt 0:02:10]} 17. f3 {[%emt 0:04:53]} Nd6 {[%emt 0:03:22]} 18. Nc5 {[%emt 0:01:24]} Qxa2 {[%emt 0:08:32]} 19. e3 {[%emt 0:02:13]} Nb5 {[%emt 0:05:28]} 20. Ra1 {[%emt 0:06:57]} Qxa1 {[%emt 0:01:22]} 21. Qxa1 {[%emt 0:00:12]} Nxc7 {[%emt 0:00:02]} 22. f4 {[%emt 0:01:33]} Bf5 {[%emt 0:04:52]} 23. Qa5 {[%emt 0:02:17]} Rec8 {[%emt 0:00:27]} 24. h3 {[%emt 0:01:15]} h5 {[%emt 0:02:03]} 25. Kh2 {[%emt 0:00:24]} Ne6 {[%emt 0:05:03]} 26. Na6 {[%emt 0:03:11]} Bf8 {[%emt 0:02:35]} 27. Rc1 {[%emt 0:02:44]} Nd8 {[%emt 0:03:33]} 28. Bf3 {[%emt 0:00:51]} Nb7 {[%emt 0:01:53]} 29. Qd2 {[%emt 0:04:47]} Nd6 {[%emt 0:00:50]} 30. g4 {[%emt 0:00:55]} hxg4 {[%emt 0:00:06]} 31. hxg4 {[%emt 0:00:12]} Be4 {[%emt 0:00:31]} 32. Be2 {[%emt 0:00:34]} e6 {[%emt 0:01:26]} 33. Kg3 {[%emt 0:05:17]} Be7 {[%emt 0:01:23]} 34. Bf3 {[%emt 0:04:25]} Kg7 {[%emt 0:00:37]} 35. Nc5 {[%emt 0:01:22]} Bxf3 {[%emt 0:00:44]} 36. Kxf3 {[%emt 0:00:16]} Rh8 {[%emt 0:00:22]} 37. Qg2 {[%emt 0:00:48]} Rab8 {[%emt 0:00:30]} 38. Rh1 {[%emt 0:00:29]} Rxh1 {[%emt 0:00:15]} 39. Qxh1 {[%emt 0:00:05]} Ne4 {[%emt 0:00:55]} 40. Nxe4 {[%emt 0:00:36]} dxe4+ {[%emt 0:00:02]} 41. Kxe4 {[%emt 0:31:09]} Rxb3 {[%emt 0:30:44]} 42. Qa1 {[%emt 0:00:00]} Ra3 {[%emt 0:00:00]} 43. Qb2 {[%emt 0:00:00]} Kg8 {[%emt 0:00:00]} 44. Qb7 {[%emt 0:00:00]} Bf8 {[%emt 0:00:00]} 45. Qxc6 {[%emt 0:00:00]} a5 {[%emt 0:00:00]} 46. Qc1 {[%emt 0:00:00]} a4 {[%emt 0:00:00]} 47. f5 {[%emt 0:00:00]} exf5+ {[%emt 0:00:00]} 48. gxf5 {[%emt 0:00:00]} gxf5+ {[%emt 0:00:00]} 49. Kxf5 {[%emt 0:00:00]} Ra2 {[%emt 0:00:58]} 50. d5 {[%emt 0:00:00]} a3 {[%emt 0:01:17]} 51. Ke4 {[%emt 0:00:00]} Rg2 {[%emt 0:01:38]} 52. Kf3 {[%emt 0:00:18]} Rg6 {[%emt 0:00:23]} 53. Qc2 {[%emt 0:00:33]} Rf6+ {[%emt 0:01:04]} 54. Kg3 {[%emt 0:02:18]} Rb6 {[%emt 0:01:06]} 55. Qa4 {[%emt 0:00:45]} Rb4 {[%emt 0:00:30]} 56. Qa8 {[%emt 0:00:18]} Rb6 {[%emt 0:00:33]} 57. e4 {[%emt 0:00:25]} Rg6+ {[%emt 0:00:43]} 58. Kf3 {[%emt 0:00:47]} Rf6+ {[%emt 0:00:15]} 59. Ke3 {[%emt 0:00:27]} Kg7 {[%emt 0:00:37]} 60. e5 {[%emt 0:00:28]} Bc5+ {[%emt 0:00:35]} 61. Ke4 {[%emt 0:00:20]} Rf2 {[%emt 0:00:35]} 62. d6 {[%emt 0:02:20]} Rd2 {[%emt 0:00:29]} 63. Qa5 {[%emt 0:00:54]} a2 {[%emt 0:00:28]} 64. Qxd2 1/2-1/2